Cost-sharing of general and specific training with depreciation of human capital (Record no. 65106)

MARC details
000 -CABECERA
campo de control de longitud fija 00640nam a2200229 a 4500
005 - FECHA Y HORA DE LA ÚLTIMA TRANSACCIÓN
campo de control 20210219152953.0
008 - ELEMENTOS DE LONGITUD FIJA--INFORMACIÓN GENERAL
campo de control de longitud fija 991125n 000 0 u
035 ## - NÚMERO DE CONTROL DEL SISTEMA
Número de control de sistema UPN01000069815
100 ## - ASIENTO PRINCIPAL--NOMBRE PERSONAL
Nombre de persona Pichler, Eva
222 ## - TÍTULO CLAVE
Título clave ECONOMICS OF EDUCATION REVIEW
245 ## - MENCIÓN DE TÍTULO
Título Cost-sharing of general and specific training with depreciation of human capital
300 ## - DESCRIPCIÓN FÍSICA
Extensión 117-124
362 ## - FECHAS DE PUBLICACIÓN Y/O DESIGNACIÓN SECUENCIAL
Fecha de publicación y/o designación secuencial 12, No. 2, 1993
505 ## - NOTA DE CONTENIDO CON FORMATO PREESTABLECIDO
Nota de contenido con formato Noviembre 1993
653 0# - TERMINO DE INDIZACION - NO CONTROLADO
Término no controlado CAPITAL HUMANO
653 0# - TERMINO DE INDIZACION - NO CONTROLADO
Término no controlado COSTOS
653 0# - TERMINO DE INDIZACION - NO CONTROLADO
Término no controlado ECONOMIA EDUCATIVA
653 0# - TERMINO DE INDIZACION - NO CONTROLADO
Término no controlado FORMACION PARA EL TRABAJO
653 0# - TERMINO DE INDIZACION - NO CONTROLADO
Término no controlado PRODUCTIVIDAD
904 ## - ELEMENTOS DE DATOS D LOCAL, LDD (RLIN)
a AC
b 007626
905 ## - TIPO DE MATERIAL
Tipo de material Articulo

No items available.